000 01295naa a22003377a 4500
001 BR7310090
003 BR-BrBNA
005 20240918173510.0
007 ta
008 230509b bl.||||| |||| 00| 0 por d
040 _aBR-BrBNA
_bpor
_cBiblioteca Nacional de Agricultura
041 _a(Pt)
072 _aE70; D50
_b0331
_b9590
_bG514
090 _aE70 BR7310090
100 1 _aSilveira, J.A.T. da
111 1 _aConcentracao dos Produtores de Mamona e Oleo de Mamona
_cSalvador, BA (Brazil)
_d1 Sep 1955
245 1 _aContribuicao do Estado de Pernambuco a Concentracao de Produtores de Mamona e Oleo de Mamona. Um registro, uma sugestao [Comercializacao; Legislacao; Brasil]
260 3 _aRio de Janeiro, GB (Brasil):
_c1955.
500 _aAnais da Concentracao de Produtores de Mamona e Oleo de Mamona Rio de Janeiro, GB (Brasil): 1955. p. 61-70 (BR7310090-AM)E70
650 _aComercializacao
650 _aLegislacao
650 _aMamona
650 _aOleo vegetal
650 _aExportacao
650 _aIndustrializacao
650 _aPreco
650 _aPernambuco
773 0 _tAnais da Concentracao de Produtores de Mamona e Oleo de Mamona
_wE70 BR7310090
_gRio de Janeiro, GB (Brasil), 1955. p. 61-70
909 _a202404
_bLucia
_c55
_dLucia Elande
942 _cAM
_2AGRIS
999 _c305012
_d305012